Paithani Kalagruha Centre For Traditional Art Of Paithani At Pune (Record no. 363479)

MARC details
000 -LEADER
fixed length control field 00374nam a2200121Ia 4500
008 - FIXED-LENGTH DATA ELEMENTS--GENERAL INFORMATION
fixed length control field 250110s9999 xx 000 0 und d
041 ## - LANGUAGE CODE
Language code of text/sound track or separate title eng
100 ## - MAIN ENTRY--PERSONAL NAME
Personal name Bhavthankar Monica
9 (RLIN) 182612
245 ## - TITLE STATEMENT
Title Paithani Kalagruha Centre For Traditional Art Of Paithani At Pune
260 ## - PUBLICATION, DISTRIBUTION, ETC. (IMPRINT)
Name of publisher, distributor, etc. Final Year B.Arch ID, Pune
Date of publication, distribution, etc. 2014
300 ## - PHYSICAL DESCRIPTION
Extent 88p
700 ## - ADDED ENTRY--PERSONAL NAME
Personal name Guide Name:Sowani Avinash
9 (RLIN) 210287
Holdings
Withdrawn status Lost status Damaged status Not for loan Home library Current library Date acquired Total Checkouts Barcode Date last seen Bill Date Koha item type Original Barcode
        Dr. Bhanuben Nanavati College of Architecture Dr. Bhanuben Nanavati College of Architecture 10/06/2014   BNCA-PR-979 10/01/2025 10/01/2025 Project Reports PR0979